Financial Statement Analysis (Record no. 349994)

000 -LEADER
fixed length control field 00443nam a22001817a 4500
003 - CONTROL NUMBER IDENTIFIER
control field OSt
005 - DATE AND TIME OF LATEST TRANSACTION
control field 20180116183004.0
008 - FIXED-LENGTH DATA ELEMENTS--GENERAL INFORMATION
fixed length control field 150805b xxu||||| |||| 00| 0 eng d
020 ## - INTERNATIONAL STANDARD BOOK NUMBER
International Standard Book Number 9788131525258
040 ## - CATALOGING SOURCE
Transcribing agency 0
082 ## - DEWEY DECIMAL CLASSIFICATION NUMBER
Classification number 657.3 GIB 2014
100 ## - MAIN ENTRY--PERSONAL NAME
Personal name Gibson
245 ## - TITLE STATEMENT
Title Financial Statement Analysis
Statement of responsibility, etc. Gibson
260 ## - PUBLICATION, DISTRIBUTION, ETC.
Place of publication, distribution, etc. India
Name of publisher, distributor, etc. Cengage
Date of publication, distribution, etc. 2014
300 ## - PHYSICAL DESCRIPTION
Extent 664 p.
Other physical details PB
440 ## - SERIES STATEMENT/ADDED ENTRY--TITLE
Title Financial Statement Analysis
942 ## - ADDED ENTRY ELEMENTS (KOHA)
Source of classification or shelving scheme
Koha item type Book
Holdings
Withdrawn status Lost status Source of classification or shelving scheme Damaged status Not for loan Collection code Permanent Location Current Location Shelving location Date acquired Total Checkouts Full call number Barcode Date last seen Date last checked out Price effective from Koha item type
            Central Library (CL) Central Library (CL) General Stacks 08/05/2015 3 657.3 GIB 2014 NBS9222 01/26/2026 09/13/2025 08/05/2015 Book
© 2023 Central Library, National University of Sciences and Technology. All Rights Reserved.